| 000 | 00724cam a22002413a 4500 | ||
|---|---|---|---|
| 001 | 15980 | ||
| 003 | PGUSA | ||
| 005 | 20140828083336.0 | ||
| 008 | 050604s2005||||xxu|||||s|||||000 | eng d | ||
| 040 |
_aPGUSA _beng |
||
| 042 | _adc | ||
| 050 | 4 | _aBJ | |
| 100 | 1 |
_aCastro, Modesto de, _d1819-1864 |
|
| 245 | 1 | 0 |
_aPag Susulatan nang Dalauang Binibini na si Urbana at ni Feliza _h[electronic resource] / _cModesto de Castro |
| 260 |
_bProject Gutenberg, _c2005 |
||
| 506 | _aPublic domain in the USA. | ||
| 516 | _aElectronic text | ||
| 653 | _aWomen -- Philippines | ||
| 653 | _aYoung women -- Conduct of life | ||
| 830 | 0 |
_aProject Gutenberg _v15980 |
|
| 856 | 4 | 0 | _uhttp://www.gutenberg.org/ebooks/15980 |
| 942 | _cEB | ||
| 999 |
_c245235 _d245235 |
||